LEADER 03669oam 2200709I 450 001 9910456762203321 005 20200520144314.0 010 $a0-429-90085-6 010 $a0-429-47608-6 010 $a1-283-06844-3 010 $a9786613068446 010 $a1-84940-242-6 035 $a(CKB)2550000000033069 035 $a(EBL)690153 035 $a(OCoLC)723944550 035 $a(SSID)ssj0000523471 035 $a(PQKBManifestationID)11340836 035 $a(PQKBTitleCode)TC0000523471 035 $a(PQKBWorkID)10540071 035 $a(PQKB)11400653 035 $a(MiAaPQ)EBC690153 035 $a(Au-PeEL)EBL690153 035 $a(CaPaEBR)ebr10463932 035 $a(CaONFJC)MIL306844 035 $a(OCoLC)728672792 035 $a(EXLCZ)992550000000033069 100 $a20180611h20181997 uy 0 101 0 $aeng 135 $aur|n|---||||| 181 $ctxt 182 $cc 183 $acr 200 10$aInternal landscapes and foreign bodies $eeating disorders and other pathologies /$fby Gianna Williams 210 1$aBoca Raton, FL :$cRoutledge, an imprint of Taylor and Francis,$d[2018]. 210 4$dİ1997. 215 $a1 online resource (159 p.) 225 1 $aTavistock Clinic series 300 $aDescription based upon print version of record. 311 $a0-367-32513-6 311 $a1-85575-972-1 320 $aIncludes bibliographical references (p. [151]-153) and index. 327 $aCOVER; Contents; Series Editors' Preface; Acknowledgements; Introduction; Chapter 1 The Inner World of the Child; Chapter 2 Thinking and Learning in Deprived Children; Chapter 3 Double Deprivation; Chapter 4 On Gang Dynamics; Chapter 5 Self-Esteem and Object Esteem; Chapter 6 On the Process of Internalisation; Chapter 7 Poor Feeders; Chapter 8 Reversal of the 'ContainerIContained' Relationship; Chapter 9 The No-Entry System of Defences; Chapter 10 On Introjective Processes; Chapter 11 Foreign Bodies; Bibliography; End Note; Index 330 3 $aKlein's model of projective and introjective processes and Bion's model of the relationship between container and contained have become increasingly significant in clinical work. In a highly imaginative development of these models of thought, the distinguished clinician Gianna Williams, one of the leading figures in the field, elucidates the psychodynamics of these processes in the context of impairment of dependent relationships and of eating disorders in both men and women. This is a timely and brilliant account of an area of psychopathology that is rapidly growing in significance. The author provides a subtle understanding of some of the obstacles, which stand in the way of patients seeking and receiving therapeutic help Internal Landscapes and Foreign Bodies explores the problems which arise in forming and sustaining intimate relationships. This book is based on Gianna Williams' work over many years in the Tavistock Clinic, including work in the Eating Disorders Workshop of the Adolescent Department. 410 0$aTavistock Clinic series. 606 $aObject relations (Psychoanalysis) 606 $aInternalization 606 $aEating disorders 606 $aPsychoanalysis$vCase studies 608 $aElectronic books. 615 0$aObject relations (Psychoanalysis) 615 0$aInternalization. 615 0$aEating disorders. 615 0$aPsychoanalysis 676 $a616.852 676 $a616.8526 700 $aWilliams$b Gianna$0888102 801 0$bFlBoTFG 801 1$bFlBoTFG 906 $aBOOK 912 $a9910456762203321 996 $aInternal landscapes and foreign bodies$91983730 997 $aUNINA LEADER 04088nam 22007935 450 001 9910299974303321 005 20200706005516.0 010 $a3-319-12172-3 024 7 $a10.1007/978-3-319-12172-7 035 $a(CKB)3710000000305317 035 $a(EBL)1967806 035 $a(OCoLC)899000308 035 $a(SSID)ssj0001386794 035 $a(PQKBManifestationID)11764681 035 $a(PQKBTitleCode)TC0001386794 035 $a(PQKBWorkID)11374561 035 $a(PQKB)10674610 035 $a(MiAaPQ)EBC1967806 035 $a(DE-He213)978-3-319-12172-7 035 $a(PPN)183095685 035 $a(EXLCZ)993710000000305317 100 $a20141114d2014 u| 0 101 0 $aeng 135 $aur|n|---||||| 181 $ctxt 182 $cc 183 $acr 200 10$aStochastic Processes - Inference Theory /$fby Malempati M. Rao 205 $a2nd ed. 2014. 210 1$aCham :$cSpringer International Publishing :$cImprint: Springer,$d2014. 215 $a1 online resource (685 p.) 225 1 $aSpringer Monographs in Mathematics,$x1439-7382 300 $aDescription based upon print version of record. 311 $a3-319-12171-5 320 $aIncludes bibliographical references and index. 327 $a1.Introduction and Preliminaries -- 2.Some Principles of Hypothesis Testing -- 3.Parameter Estimation and Asymptotics -- 4.Inferences for Classes of Processes -- 5.Likelihood Ratios for Processes -- 6.Sampling Methods for Processes -- 7.More on Stochastic Inference -- 8.Prediction and Filtering of Processes -- 9.Nonparametric Estimation for Processes -- Bibliography -- Index. 330 $aThis is the revised and enlarged 2nd edition of the authors? original text, which was intended to be a modest complement to Grenander's fundamental memoir on stochastic processes and related inference theory. The present volume gives a substantial account of regression analysis, both for stochastic processes and measures, and includes recent material on Ridge regression with some unexpected applications, for example in econometrics. The first three chapters can be used for a quarter or semester graduate course on inference on stochastic processes. The remaining chapters provide more advanced material on stochastic analysis suitable for graduate seminars and discussions, leading to dissertation or research work. In general, the book will be of interest to researchers in probability theory, mathematical statistics and electrical and information theory. 410 0$aSpringer Monographs in Mathematics,$x1439-7382 606 $aProbabilities 606 $aStatistics 606 $aMeasure theory 606 $aFourier analysis 606 $aApplied mathematics 606 $aEngineering mathematics 606 $aProbability Theory and Stochastic Processes$3https://scigraph.springernature.com/ontologies/product-market-codes/M27004 606 $aStatistics, general$3https://scigraph.springernature.com/ontologies/product-market-codes/S0000X 606 $aMeasure and Integration$3https://scigraph.springernature.com/ontologies/product-market-codes/M12120 606 $aFourier Analysis$3https://scigraph.springernature.com/ontologies/product-market-codes/M12058 606 $aApplications of Mathematics$3https://scigraph.springernature.com/ontologies/product-market-codes/M13003 615 0$aProbabilities. 615 0$aStatistics. 615 0$aMeasure theory. 615 0$aFourier analysis. 615 0$aApplied mathematics. 615 0$aEngineering mathematics. 615 14$aProbability Theory and Stochastic Processes. 615 24$aStatistics, general. 615 24$aMeasure and Integration. 615 24$aFourier Analysis. 615 24$aApplications of Mathematics. 676 $a519.23 700 $aRao$b Malempati M$4aut$4http://id.loc.gov/vocabulary/relators/aut$0726217 801 0$bMiAaPQ 801 1$bMiAaPQ 801 2$bMiAaPQ 906 $aBOOK 912 $a9910299974303321 996 $aStochastic processes-Inference theory$91409928 997 $aUNINA